000 00782cam a22002531 4500
001 he 65001560
003 DLC
005 20260227111434.0
008 840424s1965 is 000 0 heb
010 _ahe 65001560
035 _a(OCoLC)19140629
040 _aDLC
_cMH
_dDLC
042 _apremarc
050 0 0 _aQH193.I8
_bS65
100 1 _aSmoly, Eliezer,
_d1901-
245 1 0 _aMaḥzor ha-tsomeaḥ ṿeha-ḥai be-Yiśraʼel.
260 _aTel Aviv :
_bMasadah,
_c[1965]
300 _a2 v. (573, [2] p.) :
_bill. ;
_c23 cm.
500 _aFirst published in 1947/48-52/53 under title: Maḥzor ha-tsomeaḥ ṿeha-ḥai be-Erets-Yiśraʼel.
650 0 _aNatural history
_zIsrael.
650 0 _aBotany
_zIsrael.
650 0 _aZoology
_zIsrael.
752 _aIsrael
_dTel Aviv
999 _c31417
_d31417